00205nam a2200097Ia 4500008004100000041000800041082001500049100001700064245001700081260000900098240625s9999 xx 000 0 und d aeng a346.07 SHE aSHETH TEJPAL aBUSINESS LAW c2012